1569 1053 1303 1470 1039 1708 1392 1365 1935 1365 1511 1221 1192 1837 1837 1120 1720 1278 1597 1737 1268 1283 1726 1565 1796 1120 1659 1505 1253 1520 1479 1494 1815 1221 1520 1048 1404 1448 1980 1791 1943 1083 1253 1453 1930 1596 1614 1608 1863 1840 1789 1171 1219 1322 1632 1975 1023 1175 1646 1783 1601 1985 1468 1643 1422 1713 1371 1402 1502 1789 1837 1708 1822 1137 1511 1042 1297 1326 1619 1095 1452 1251 1692 1413 1378 1328 1967 1075 1920 1255 1132 1542 1325 1194 1839 1985 1097 1114 1890 BCNSPRNW ULIB Ver.6.0+V

เปลี่ยนเป็นภาษาไทย

Change to English
 แสดงรายละเอียดบรรณานุกรม
  กลับหน้าหลัก

Brief Record : Get Marc (ISO 2709) : E-mail record : QR code < ปิดหน้าต่าง
LEADER : 00000nam 2200000uu 4500
001    13399120005
003     ULIB
008    120822s2555||||th 000 0 tha d
020    ^a9786165510837(ล.2)
060 04 ^aWL100^bณ259B ล.2
245 00 ^aBasic and clinical neuroscience 2 /^cบรรณาธิการ, ณัฐพสุธารชาติ, อรอุมา ชุติเนตร, นิจศรี ชาญณรงค์
250    ^aพิมพ์ครั้งที่ 2
260    ^aกรุงเทพฯ :^bสาขาวิชาประสาทวิทยา ภาควิชาอายุรศาสตร์คณะแพทยศาสตร์ จุฬาลงกรณ์มหาวิทยาลัย,^c2555
300    ^a296 หน้า :^bภาพประกอบ ;^c26 ซม.
650  7 ^aประสาทวิทยา
650  7 ^aประสาทวิทยาศาสตร์
700 0  ^aณัฐ พสุธารชาติ,^eบรรณาธิการ
700 0  ^aอรอุมา ชุติเนตร,^eบรรณาธิการ
700 0  ^aนิจศรี ชาญณรงค์,^eบรรณาธิการ
710 2  ^aจุฬาลงกรณ์มหาวิทยาลัย. ^bคณะแพทยศาสตร์.^bภาควิชาอายุรศาสตร์. ^bสาขาวิชาประสาทวิทยา
945    ^p350^l0^i032438
945    ^p350^l0^i032439
945    ^p350^l0^i032440
945    ^p350^l0^i032441
995    ^aเกษร
999 ^a ใช้งานได้ทุกระบบ
รายการนี้ยังไม่มีแท็ก
คุณยังไม่ได้ล็อกอิน คุณสามารถมีกิจกรรมร่วมกับเว็บไซต์ได้ แต่ต้องล็อกอินก่อน ::
  ล็อกอิน

รายการสื่อสารสนเทศ

ลำดับที่ ประเภท เลขเรียก/บาร์โค้ด สถานที่ สถานะ
1. วิทยาศาสตร์การแพทย์ และสุขภาพ
หนังสือสำรอง
สถานะ=หนังสือสำรอง
WL100 ณ259B ล.2 ฉ.1 
  Barcode: 032438
ห้องสมุดวิทยาเขตสวรรค์ประชารักษ์
►ส่วนจัดเก็บหนังสือเก่า สปร
บนชั้น
  ขอยืม
2. วิทยาศาสตร์การแพทย์ และสุขภาพ
วิทยาศาสตร์การแพทย์ และสุขภาพ
WL100 ณ259B ล.2 ฉ.2 
  Barcode: 032439
ห้องสมุดวิทยาเขตสวรรค์ประชารักษ์
►ส่วนจัดเก็บหนังสือเก่า สปร
บนชั้น
  ขอยืม
3. วิทยาศาสตร์การแพทย์ และสุขภาพ
วิทยาศาสตร์การแพทย์ และสุขภาพ
WL100 ณ259B ล.2 ฉ.3 
  Barcode: 032440
ห้องสมุดวิทยาเขตสวรรค์ประชารักษ์
►ส่วนจัดเก็บหนังสือเก่า สปร
บนชั้น
  ขอยืม
4. วิทยาศาสตร์การแพทย์ และสุขภาพ
วิทยาศาสตร์การแพทย์ และสุขภาพ
WL100 ณ259B ล.2 ฉ.4 
  Barcode: 032441
ห้องสมุดวิทยาเขตสวรรค์ประชารักษ์
►ส่วนจัดเก็บหนังสือเก่า สปร
บนชั้น
  ขอยืม

รายการใกล้เคียง
    หัวเรื่อง [ประสาทวิทยา]
    หัวเรื่อง [ประสาทวิทยาศาสตร์]

BibComment


ยังไม่เคยถูกคอมเมนท์

คอมเมนท์ทรัพยากรรายการนี้
  คอมเมนท์: Basic and clinic..


 Copyright 2026. Bcnsprnw @Library